| 000 | 00722nam a2200181 4500 | ||
|---|---|---|---|
| 999 |
_c17259 _d17259 |
||
| 008 | 220906b ||||| |||| 00| 0 eng d | ||
| 020 | _a9786218035898 | ||
| 082 |
_22020 _aDFil 371.33 _bEs657 |
||
| 100 |
_aEspique, Felina P. _945893 |
||
| 245 |
_aTechnology for teaching and learning 2 : _bfor language education English/Filipino / _cFelina P. Espique and Shirley L. Ayao-ao. |
||
| 260 |
_aQuezon City : _bLolimar Publishing, Inc., _c©2020. |
||
| 300 |
_axxvi, 154 pages : _billustrations ; _c25 cm. |
||
| 500 | _aIncludes bibliographical references. | ||
| 650 |
_aEducational technology. _945913 |
||
| 650 |
_aTeaching _xAids and devices. _91241 |
||
| 700 |
_aAyao-ao, Shirley L. _eauthor. _945914 |
||
| 942 |
_2ddc _cDFIL |
||